[Event "DSOL 2021"]
[Site "Germany"]
[Date "2021.02.23"]
[Round "4.1"]
[White "Roeder, Matthias"]
[Black "Hahn, Markus"]
[Result "1-0"]
[WhiteElo "2367"]
[BlackElo "2264"]
[Annotator "TA"]
[PlyCount "61"]
[EventDate "2021.01.18"]
[EventType "team-tourn"]
[EventCountry "GER"]
[SourceTitle "playchess.com"]
[Source "ChessBase"]
[SourceQuality "1"]

1. Nf3 d5 2. g3 Nf6 3. Bg2 e6 4. O-O Be7 5. c4 O-O 6. b3 a5 7. Nc3 c6 8. e3 b6 9. Bb2 Nbd7 10. Qe2 Ba6 11. Rfd1 Re8 12. d4 b5 13. cxb5 cxb5 14. Nxb5 a4 15. bxa4 Qa5 16. Qc2 Nb6 17. Nc3 Rec8 18. Nd2 Nc4 19. Nb3 Qc7 20. Rac1 Bb4 21. a3 Nxa3 22. Bxa3 Bxa3 23. Nxd5 Nxd5 24. Qxc7 Rxc7 25. Rxc7 Nxc7 26. Bxa8 Nxa8 27. Nc5 Nc7 28. Nxa6 Nxa6 29. Rb1 Bb4 30. Rc1 g6 31. Rc6 1-0

[Event "DSOL 2021"]
[Site "Germany"]
[Date "2021.02.25"]
[Round "4.1"]
[White "Plischki, Sebastian"]
[Black "Brendel, Oliver"]
[Result "1-0"]
[WhiteElo "2352"]
[BlackElo "2340"]
[Annotator "TA"]
[PlyCount "93"]
[EventDate "2021.01.18"]
[EventType "team-tourn"]
[EventCountry "GER"]
[SourceTitle "playchess.com"]
[Source "ChessBase"]
[SourceQuality "1"]

1. d4 Nf6 2. c4 g6 3. g3 Bg7 4. Bg2 d5 5. cxd5 Nxd5 6. Nf3 Nb6 7. Nc3 Nc6 8. e3 O-O 9. O-O Re8 10. h3 a5 11. d5 Nb4 12. e4 c6 13. a3 Na6 14. Be3 cxd5 15. exd5 Nc4 16. Bd4 e5 17. dxe6 Bxe6 18. Bxg7 Kxg7 19. b3 Qxd1 20. Rfxd1 Nb6 21. Nd4 Nc5 22. Rab1 Rab8 23. b4 Nca4 24. Nxa4 Nxa4 25. Rbc1 axb4 26. axb4 Kf6 27. Nxe6 Rxe6 28. Rc7 Nb6 29. b5 Na8 30. Rxb7 Rxb7 31. Bxb7 Nb6 32. f4 Ke7 33. Kf2 Rd6 34. Re1+ Kf6 35. Bf3 h5 36. Rc1 Ke6 37. Ke3 Kd7 38. Rc6 Nd5+ 39. Kd4 Nb6+ 40. Rxd6+ Kxd6 41. f5 Nd7 42. fxg6 fxg6 43. h4 Ke6 44. Be4 Kf6 45. Kd5 g5 46. Kd6 Ne5 47. hxg5+ 1-0

[Event "DSOL 2021"]
[Site "Germany"]
[Date "2021.02.25"]
[Round "4.1"]
[White "Gruenberg, Rainer"]
[Black "Jacoby, Florian"]
[Result "1/2-1/2"]
[WhiteElo "2334"]
[BlackElo "1582"]
[Annotator "TA"]
[PlyCount "63"]
[EventDate "2021.01.18"]
[EventType "team-tourn"]
[EventCountry "GER"]
[SourceTitle "playchess.com"]
[Source "ChessBase"]
[SourceQuality "1"]

1. e4 e5 2. Nf3 Nf6 3. Nxe5 d6 4. Nf3 Nxe4 5. Qe2 Qe7 6. d3 Nf6 7. Nc3 Nc6 8. Bg5 Qxe2+ 9. Bxe2 Be7 10. O-O h6 11. Bd2 O-O 12. Rfe1 Bd7 13. a3 Rfe8 14. Ne4 d5 15. Nxf6+ Bxf6 16. c3 Ne5 17. Nxe5 Bxe5 18. d4 Bd6 19. Bd3 c6 20. h3 Rxe1+ 21. Rxe1 Re8 22. Kf1 Rxe1+ 23. Kxe1 Kf8 24. Be3 b6 25. Ke2 h5 26. a4 g6 27. h4 a5 28. Bh6+ Ke7 29. Bg5+ Kf8 30. Bh6+ Ke7 31. Bg5+ Kf8 32. Bh6+ 1/2-1/2

[Event "DSOL 2021"]
[Site "Germany"]
[Date "2021.02.23"]
[Round "4.1"]
[White "Voege, Tobias"]
[Black "Kraemer, Stefan"]
[Result "1/2-1/2"]
[WhiteElo "2324"]
[BlackElo "2149"]
[Annotator "TA"]
[PlyCount "243"]
[EventDate "2021.01.18"]
[EventType "team-tourn"]
[EventCountry "GER"]
[SourceTitle "playchess.com"]
[Source "ChessBase"]
[SourceQuality "1"]

1. d4 Nf6 2. c4 g6 3. Nc3 Bg7 4. Nf3 O-O 5. Bg5 c5 6. d5 d6 7. e3 h6 8. Bh4 g5 9. Bg3 Nh5 10. Qc2 f5 11. Be2 Na6 12. Nd2 Nxg3 13. hxg3 e6 14. dxe6 Bxe6 15. Rd1 Qf6 16. Bf3 Nb4 17. Qb1 Qf7 18. O-O Nc6 19. Bd5 Ne5 20. Bxe6 Qxe6 21. Nd5 Rf7 22. Qc2 b5 23. Rfe1 Rb8 24. b3 a5 25. f4 Nc6 26. cxb5 Rxb5 27. Nc4 Nd4 28. exd4 Qxd5 29. dxc5 Qxc5+ 30. Qf2 d5 31. Ne5 Rc7 32. Rd4 Rb4 33. Rd2 Qxf2+ 34. Kxf2 gxf4 35. Rxd5 fxg3+ 36. Kxg3 a4 37. Nd3 Rg4+ 38. Kf3 axb3 39. axb3 Rc2 40. Re8+ Kh7 41. Nf2 Rc3+ 42. Re3 Rxe3+ 43. Kxe3 Rg3+ 44. Kf4 Rxg2 45. Kf3 Rg5 46. Nh3 Rh5 47. Nf4 Rh1 48. Rxf5 Rb1 49. Rb5 Bf6 50. Rb7+ Kg8 51. Kg4 Bg5 52. Ne6 Be3 53. b4 Rg1+ 54. Kf3 Bg5 55. b5 Re1 56. Nc5 Kf8 57. Na6 Ke8 58. Nb8 Kd8 59. Nc6+ Kc8 60. Rh7 Rb1 61. Ke4 Rb3 62. Kd4 Be3+ 63. Kc4 Rb1 64. Ne7+ Kd8 65. Nf5 Rc1+ 66. Kd5 Rc5+ 67. Ke6 Bf4 68. Nd4 Re5+ 69. Kf6 Rd5 70. Ne6+ Kc8 71. Nxf4 Rxb5 72. Rxh6 Rb6+ 73. Ne6 Kd7 74. Rh7+ Kd6 75. Rh4 Rb5 76. Rd4+ Rd5 77. Ra4 Rd1 78. Ng7 Rf1+ 79. Nf5+ Kd5 80. Rd4+ Kc5 81. Rd8 Kc4 82. Ke5 Re1+ 83. Kf4 Rf1+ 84. Ke4 Re1+ 85. Ne3+ Kc5 86. Rd5+ Kc6 87. Rd3 Kc5 88. Ke5 Re2 89. Ke4 Re1 90. Rc3+ Kd6 91. Rc2 Rh1 92. Nf5+ Kd7 93. Kd5 Rd1+ 94. Nd4 Rh1 95. Rf2 Rh5+ 96. Nf5 Rh1 97. Re2 Rd1+ 98. Nd4 Rh1 99. Re5 Ra1 100. Nb3 Rd1+ 101. Kc5 Rd3 102. Na5 Rc3+ 103. Nc4 Rc1 104. Re3 Rc2 105. Kd5 Rc1 106. Ne5+ Kc7 107. Nd3 Rc2 108. Re7+ Kb6 109. Nb4 Rd2+ 110. Kc4 Rh2 111. Re6+ Kc7 112. Kc5 Kd7 113. Re1 Rf2 114. Nd5 Rc2+ 115. Kd4 Rd2+ 116. Ke5 Rh2 117. Nf6+ Kc6 118. Rc1+ Kb5 119. Ng4 Rh5+ 120. Kd6 Rg5 121. Ne5 Kb4 122. Kd5 1/2-1/2

[Event "DSOL 2021"]
[Site "Germany"]
[Date "2021.02.23"]
[Round "4.1"]
[White "Rosen, Bernd"]
[Black "Hummel, Dirk"]
[Result "1-0"]
[WhiteElo "2313"]
[BlackElo "2273"]
[Annotator "TA"]
[PlyCount "51"]
[EventDate "2021.01.18"]
[EventType "team-tourn"]
[EventCountry "GER"]
[SourceTitle "playchess.com"]
[Source "ChessBase"]
[SourceQuality "1"]

1. Nf3 d5 2. c4 d4 3. d3 Nc6 4. g3 e5 5. Bg2 Bb4+ 6. Bd2 a5 7. O-O Bxd2 8. Nbxd2 Nf6 9. b3 O-O 10. a3 Re8 11. Qc2 h6 12. Rab1 Bg4 13. h3 Bf5 14. b4 axb4 15. axb4 e4 16. Nh4 exd3 17. exd3 Bh7 18. b5 Ne5 19. Rb3 g5 20. Nhf3 Ned7 21. c5 Nf8 22. b6 Rc8 23. Nc4 Ne6 24. c6 Nc5 25. cxb7 Nxb7 26. Nfe5 1-0

[Event "DSOL 2021"]
[Site "Germany"]
[Date "2021.02.26"]
[Round "4.1"]
[White "Holtel, Jasper"]
[Black "Braun, Christian"]
[Result "1/2-1/2"]
[WhiteElo "2305"]
[BlackElo "1865"]
[Annotator "TA"]
[PlyCount "34"]
[EventDate "2021.01.18"]
[EventType "team-tourn"]
[EventCountry "GER"]
[SourceTitle "playchess.com"]
[Source "ChessBase"]
[SourceQuality "1"]
[WhiteTeam "SK Münster"]
[BlackTeam "SG Porz I"]

1. e4 e6 2. d4 d5 3. exd5 exd5 4. Nf3 Nc6 5. Bb5 Bd6 6. c4 dxc4 7. d5 a6 8. Ba4 b5 9. dxc6 bxa4 10. O-O Ne7 11. Nbd2 Be6 12. Qxa4 Rb8 13. Nxc4 Rb4 14. Nxd6+ Qxd6 15. Qa3 Nxc6 16. Bd2 Rb6 17. Qxd6 cxd6 1/2-1/2

[Event "DSOL 2021"]
[Site "Germany"]
[Date "2021.02.24"]
[Round "4.1"]
[White "Schulze, Ulrich"]
[Black "Machelett, Heiko"]
[Result "0-1"]
[WhiteElo "2304"]
[BlackElo "2372"]
[Annotator "TA"]
[PlyCount "86"]
[EventDate "2021.01.18"]
[EventType "team-tourn"]
[EventCountry "GER"]
[SourceTitle "playchess.com"]
[Source "ChessBase"]
[SourceQuality "1"]

1. d4 Nf6 2. Nf3 g6 3. c4 Bg7 4. g3 b6 5. Bg2 Bb7 6. O-O O-O 7. d5 Na6 8. Nc3 Nc5 9. Re1 Nfe4 10. Nxe4 Nxe4 11. Nd4 Nd6 12. b3 c5 13. dxc6 dxc6 14. Rb1 Qc7 15. Bb2 Rfd8 16. Qc2 c5 17. Bxb7 Qxb7 18. Nf3 Qe4 19. Qc1 Nf5 20. Bxg7 Kxg7 21. Qb2+ f6 22. Rbd1 h5 23. Qb1 Qxb1 24. Rxb1 g5 25. h3 Rd7 26. Red1 Rad8 27. Rxd7 Rxd7 28. Rb2 Rd1+ 29. Kg2 Nd6 30. Rd2 Ra1 31. e3 g4 32. hxg4 hxg4 33. Ng1 f5 34. Ne2 Ne4 35. Rc2 Kf6 36. Nc1 Ng5 37. Kf1 Nf3 38. Ke2 Ke5 39. Rc3 Ke4 40. Kd1 Ng1 41. Kd2 Rb1 42. Kd1 Kf3 43. e4+ Kxf2 0-1

[Event "DSOL 2021"]
[Site "Germany"]
[Date "2021.02.23"]
[Round "4.1"]
[White "Preiss, Martin"]
[Black "Lazarte, Matias"]
[Result "1/2-1/2"]
[WhiteElo "2269"]
[BlackElo "1861"]
[Annotator "TA"]
[PlyCount "95"]
[EventDate "2021.01.18"]
[EventType "team-tourn"]
[EventCountry "GER"]
[SourceTitle "playchess.com"]
[Source "ChessBase"]
[SourceQuality "1"]

1. d4 d5 2. c4 c6 3. Nf3 Nf6 4. Nc3 e6 5. e3 Nbd7 6. Bd3 dxc4 7. Bxc4 b5 8. Bd3 Bb7 9. e4 Bb4 10. O-O Bxc3 11. bxc3 a6 12. Ba3 c5 13. Re1 O-O 14. e5 Nd5 15. Qc2 h6 16. c4 bxc4 17. Bxc4 Nf4 18. Qb3 Qc7 19. Rab1 Rab8 20. Qe3 Nd5 21. Bxd5 Bxd5 22. dxc5 Rxb1 23. Rxb1 Rb8 24. Rc1 Rc8 25. h3 Nb8 26. Nd4 Bxa2 27. c6 Qb6 28. Bc5 Qb2 29. Bd6 Bd5 30. c7 Nd7 31. Nc6 Bxc6 32. Rxc6 a5 33. Qc3 Qb1+ 34. Qc1 Qb7 35. Rc2 a4 36. Rb2 Qa7 37. Qb1 a3 38. Ra2 Qd4 39. Qa1 Qd5 40. Rxa3 Nb6 41. Ra6 Nc4 42. Qb1 Qd2 43. Qb8 Qc1+ 44. Kh2 Qf4+ 45. Kh1 Qc1+ 46. Kh2 Qf4+ 47. Kh1 Qc1+ 48. Kh2 1/2-1/2

[Event "DSOL 2021"]
[Site "Germany"]
[Date "2021.02.22"]
[Round "4.1"]
[White "Griebl, Joern"]
[Black "Serbu, Elias"]
[Result "1-0"]
[WhiteElo "2249"]
[BlackElo "2138"]
[Annotator "TA"]
[PlyCount "45"]
[EventDate "2021.01.18"]
[EventType "team-tourn"]
[EventCountry "GER"]
[SourceTitle "playchess.com"]
[Source "ChessBase"]
[SourceQuality "1"]

1. e4 c5 2. Nf3 e6 3. d4 cxd4 4. Nxd4 Nc6 5. Nxc6 bxc6 6. Nc3 Qc7 7. Qg4 Nf6 8. Qg3 d6 9. Be2 e5 10. O-O Be6 11. h3 Be7 12. f4 O-O 13. f5 Bd7 14. Bh6 Ne8 15. f6 Bxf6 16. Rxf6 Kh8 17. Raf1 gxh6 18. Rxf7 Rg8 19. Qe3 Qd8 20. Qxh6 Ng7 21. R1f6 Qe8 22. Bh5 Qd8 23. Bg6 1-0

[Event "DSOL 2021"]
[Site "Germany"]
[Date "2021.02.25"]
[Round "4.1"]
[White "Voicu-Jagodzinsky, Carmen"]
[Black "Ritscher, Jan-Paul"]
[Result "0-1"]
[WhiteElo "2247"]
[BlackElo "2254"]
[Annotator "TA"]
[PlyCount "128"]
[EventDate "2021.01.18"]
[EventType "team-tourn"]
[EventCountry "GER"]
[SourceTitle "playchess.com"]
[Source "ChessBase"]
[SourceQuality "1"]

1. Nf3 d5 2. c4 e6 3. b3 Nf6 4. g3 Be7 5. Bg2 O-O 6. O-O c5 7. e3 Nc6 8. Qe2 d4 9. exd4 cxd4 10. d3 Ne8 11. Ba3 f6 12. Bxe7 Qxe7 13. a3 a5 14. Nbd2 e5 15. Ne1 Nd6 16. Nc2 Bf5 17. b4 Rfe8 18. b5 Nd8 19. Bd5+ Be6 20. Qf3 Rc8 21. Rac1 Qf7 22. Bxe6 Nxe6 23. Na1 b6 24. Rfe1 Nb7 25. h4 Nbc5 26. Nab3 h6 27. Nxc5 Nxc5 28. Qf5 Qe6 29. Qf3 f5 30. Qe2 e4 31. dxe4 fxe4 32. Rb1 Rc7 33. Qh5 Rf7 34. Re2 Rf5 35. Qg4 h5 36. Qh3 Qg6 37. Rbe1 Rfe5 38. Nf3 R5e7 39. Nxd4 Nd3 40. Rd1 Nf4 41. Qf1 Nxe2+ 42. Qxe2 e3 43. Kh2 exf2 44. Qxf2 Rf8 45. Qg2 Qe4 46. Nc6 Qxg2+ 47. Kxg2 Re2+ 48. Kg1 Rf3 49. c5 Rxg3+ 50. Kf1 Rb2 51. cxb6 Rxb5 52. Kf2 Rxa3 53. Ne7+ Kf7 54. Nc8 Rb2+ 55. Kg1 Ke6 56. Rd6+ Ke5 57. Rd1 Rc3 58. Re1+ Kf4 59. Ne7 Kg3 60. Nd5 Rc5 61. Rd1 a4 62. Rd3+ Kxh4 63. Rd4+ Kg5 64. Rd2 Rxd2 0-1

[Event "DSOL 2021"]
[Site "Germany"]
[Date "2021.02.22"]
[Round "4.1"]
[White "Wartlick, Karl"]
[Black "Huckebrink, Chris"]
[Result "0-1"]
[WhiteElo "2236"]
[BlackElo "2042"]
[Annotator "TA"]
[PlyCount "34"]
[EventDate "2021.01.18"]
[EventType "team-tourn"]
[EventCountry "GER"]
[SourceTitle "playchess.com"]
[Source "ChessBase"]
[SourceQuality "1"]

1. Nf3 Nf6 2. c4 b6 3. d4 Bb7 4. Nc3 e6 5. a3 d5 6. Bg5 Be7 7. e3 O-O 8. Qc2 Nbd7 9. Bd3 dxc4 10. Bxc4 Rc8 11. Rd1 c5 12. dxc5 Rxc5 13. Ba2 Bxf3 14. Rxd7 Qxd7 15. Bxf6 Bxf6 16. gxf3 Bxc3+ 17. bxc3 Qc6 0-1

[Event "DSOL 2021"]
[Site "Germany"]
[Date "2021.02.26"]
[Round "4.1"]
[White "Cordts, Ingo"]
[Black "Keller, Peter"]
[Result "1/2-1/2"]
[WhiteElo "2214"]
[BlackElo "1761"]
[Annotator "TA"]
[PlyCount "48"]
[EventDate "2021.01.18"]
[EventType "team-tourn"]
[EventCountry "GER"]
[SourceTitle "playchess.com"]
[Source "ChessBase"]
[SourceQuality "1"]
[WhiteTeam "Kölner SK Dr Lasker I"]
[BlackTeam "SK Bickenbach I"]

1. e4 e5 2. Nf3 Nc6 3. Nc3 Nf6 4. d4 exd4 5. Nxd4 Bb4 6. Nxc6 bxc6 7. Bd3 d5 8. exd5 O-O 9. O-O cxd5 10. h3 c6 11. Qf3 h6 12. Bf4 Bd6 13. Rfe1 Rb8 14. b3 Be6 15. Rad1 Re8 16. Ne2 Bxf4 17. Qxf4 c5 18. c4 d4 19. Ng3 a5 20. Re5 Nd7 21. Re2 a4 22. Bc2 Nf6 23. Ne4 Nxe4 24. Qxe4 axb3 1/2-1/2

[Event "DSOL 2021"]
[Site "Germany"]
[Date "2021.02.25"]
[Round "4.1"]
[White "Kottke, Markus"]
[Black "Ratering, Jona"]
[Result "0-1"]
[WhiteElo "2198"]
[BlackElo "1620"]
[Annotator "TA"]
[PlyCount "88"]
[EventDate "2021.01.18"]
[EventType "team-tourn"]
[EventCountry "GER"]
[SourceTitle "playchess.com"]
[Source "ChessBase"]
[SourceQuality "1"]

1. e4 c5 2. Nf3 Nc6 3. d4 cxd4 4. Nxd4 Nf6 5. Nc3 e5 6. Ndb5 d6 7. Nd5 Nxd5 8. exd5 Nb8 9. c4 Be7 10. Be3 O-O 11. Be2 f5 12. f4 Nd7 13. fxe5 f4 14. exd6 Bh4+ 15. Bf2 Bxf2+ 16. Kxf2 Qh4+ 17. Kg1 Ne5 18. Qe1 Qf6 19. Qf2 Bg4 20. Bxg4 Nxg4 21. Qd4 Ne5 22. Re1 Rae8 23. Re4 Qg5 24. Qc3 f3 25. g3 f2+ 26. Kg2 Ng4 27. Rxe8 Rxe8 28. h4 Qg6 29. d7 Rf8 30. Qd4 h5 31. Rf1 Qf5 32. Qf4 Qxd7 33. Qe4 Re8 34. Qg6 Re1 35. Rxf2 Nxf2 36. Kxf2 Rh1 37. Qe6+ Qxe6 38. dxe6 Rh2+ 39. Ke3 Rxb2 40. Nxa7 Rxa2 41. Nc8 Ra6 42. e7 Kf7 43. c5 Rc6 44. Kd4 Rxc8 0-1

[Event "DSOL 2021"]
[Site "Germany"]
[Date "2021.02.26"]
[Round "4.1"]
[White "Boettcher, Christian"]
[Black "Nguyen, Alex Dac-Vuong"]
[Result "0-1"]
[WhiteElo "2196"]
[BlackElo "2307"]
[Annotator "TA"]
[PlyCount "122"]
[EventDate "2021.01.18"]
[EventType "team-tourn"]
[EventCountry "GER"]
[SourceTitle "playchess.com"]
[Source "ChessBase"]
[SourceQuality "1"]
[WhiteTeam "SV Hellern I"]
[BlackTeam "SG Leipzig"]

1. e4 c6 2. d3 d5 3. Nd2 e5 4. Ngf3 Bd6 5. d4 exd4 6. exd5 Nf6 7. dxc6 Nxc6 8. Bb5 O-O 9. O-O a6 10. Be2 Qc7 11. Nb3 Bf5 12. Nbxd4 Nxd4 13. Qxd4 Rad8 14. Qc4 Bxc2 15. Bg5 Qxc4 16. Bxc4 Rc8 17. Bxf6 Rxc4 18. Bc3 Re8 19. Rfe1 Rce4 20. Rxe4 Bxe4 21. Re1 Bc6 22. Rxe8+ Bxe8 23. Nd4 Bd7 24. h3 f6 25. Kf1 Kf7 26. Ke2 Be5 27. Ke3 g5 28. Ne2 Bd6 29. f4 Bb5 30. fxg5 fxg5 31. Nd4 Bc4 32. b3 Bd5 33. Nf3 h6 34. Bd4 Ke6 35. g4 Bf4+ 36. Kf2 Bd6 37. Bg7 Kf7 38. Bd4 b5 39. Ne5+ Ke6 40. Nd3 Ke7 41. b4 Bxa2 42. Nc5 Bf7 43. Nxa6 Ke6 44. Bg7 h5 45. gxh5 Bxh5 46. Ke3 Kd5 47. Bh6 Bf4+ 48. Kd3 Bg6+ 49. Kc3 Bf5 50. Nc5 Bxh3 51. Nd3 Be3 52. Ne1 Bd4+ 53. Kd3 Bf1+ 54. Kd2 g4 55. Nc2 g3 56. Nxd4 Kxd4 57. Ke1 Bc4 58. Bf4 g2 59. Kf2 Bd5 60. Bg3 Kc3 61. Kg1 Kxb4 0-1

[Event "DSOL 2021"]
[Site "Germany"]
[Date "2021.02.22"]
[Round "4.1"]
[White "Lesny, Florian"]
[Black "Baerwolf, Steven"]
[Result "1/2-1/2"]
[WhiteElo "2180"]
[BlackElo "1720"]
[Annotator "TA"]
[PlyCount "65"]
[EventDate "2021.01.18"]
[EventType "team-tourn"]
[EventCountry "GER"]
[SourceTitle "playchess.com"]
[Source "ChessBase"]
[SourceQuality "1"]

1. e4 d6 2. d4 Nf6 3. Nc3 Nbd7 4. Nf3 e5 5. Bc4 Be7 6. O-O c6 7. a4 Qc7 8. Re1 h6 9. a5 g5 10. b3 Nf8 11. Ba3 Ng6 12. dxe5 dxe5 13. Bxe7 Qxe7 14. Qc1 g4 15. Nd2 Nh7 16. Qa3 Qf6 17. Rad1 Nf4 18. Ne2 Ne6 19. Bxe6 Bxe6 20. Nc4 Bxc4 21. bxc4 Rd8 22. Ng3 Ng5 23. Nh5 Qg6 24. Qc5 Nh3+ 25. gxh3 Qxh5 26. Rxd8+ Kxd8 27. Rd1+ Kc8 28. a6 Qg6 29. axb7+ Kxb7 30. Rd7+ Kc8 31. Rd6 Qxe4 32. Qxc6+ Qxc6 33. Rxc6+ 1/2-1/2

[Event "DSOL 2021"]
[Site "Germany"]
[Date "2021.02.25"]
[Round "4.1"]
[White "Volkmer, Andreas"]
[Black "Weise, Martin"]
[Result "1-0"]
[WhiteElo "2175"]
[BlackElo "2090"]
[Annotator "TA"]
[PlyCount "63"]
[EventDate "2021.01.18"]
[EventType "team-tourn"]
[EventCountry "GER"]
[SourceTitle "playchess.com"]
[Source "ChessBase"]
[SourceQuality "1"]

1. e4 e6 2. d4 d5 3. e5 c5 4. Nf3 Nc6 5. Bd3 cxd4 6. O-O f6 7. Bb5 Bd7 8. Nxd4 Nxd4 9. Bxd7+ Qxd7 10. Qxd4 fxe5 11. Qxe5 Bd6 12. Qh5+ Qf7 13. Qh3 Nf6 14. c4 O-O 15. cxd5 exd5 16. Be3 Rfe8 17. Nd2 Qg6 18. Nf3 Re4 19. Rfd1 h6 20. Rac1 Ng4 21. Rxd5 Rxe3 22. fxe3 Qe4 23. Re1 Qxd5 24. Qxg4 Bf8 25. b3 Bc5 26. Kh1 Re8 27. e4 Qe6 28. Qxe6+ Rxe6 29. Re2 Kf7 30. g3 Bb6 31. Kg2 Rc6 32. Ne5+ 1-0

[Event "DSOL 2021"]
[Site "Germany"]
[Date "2021.02.23"]
[Round "4.1"]
[White "Fahland, Matthias"]
[Black "Mohaupt, Sascha"]
[Result "0-1"]
[WhiteElo "2168"]
[BlackElo "2198"]
[Annotator "ChessBase"]
[PlyCount "136"]
[EventDate "2021.01.18"]
[EventType "team-tourn"]
[EventCountry "GER"]
[SourceTitle "playchess.com"]
[Source "ChessBase"]
[SourceQuality "1"]

1. e4 e5 2. Nf3 Nc6 3. Bc4 Nf6 4. d3 Be7 5. Bb3 O-O 6. O-O d6 7. c3 Re8 8. Re1 h6 9. Nbd2 Na5 10. Bc2 c5 11. Nf1 Nc6 12. Ng3 Be6 13. h3 Qc7 14. Be3 d5 15. d4 exd4 16. cxd4 dxe4 17. Nxe4 c4 18. Nc3 Rad8 19. Qc1 Bf8 20. Rd1 Nb4 21. Ba4 Nd7 22. b3 cxb3 23. Bxb3 Bxb3 24. axb3 a6 25. Na4 Qd6 26. Qd2 Nf6 27. Nc5 Qb6 28. Qb2 Nfd5 29. Na4 Qd6 30. Bd2 Rc8 31. Bxb4 Qxb4 32. Rac1 b5 33. Nc5 Bxc5 34. dxc5 Rxc5 35. Rxc5 Qxc5 36. Qd4 Qxd4 37. Rxd4 Nc3 38. Rd6 Ra8 39. Nd4 a5 40. Rc6 b4 41. Rb6 Kf8 42. Kf1 Rd8 43. Nf3 Rd1+ 44. Ne1 Rb1 45. Ra6 Rxb3 46. Rxa5 Ra3 47. Rc5 Ra1 48. f3 b3 49. Rxc3 b2 50. Rb3 b1=Q 51. Rxb1 Rxb1 52. Kf2 Ke7 53. g4 Ke6 54. Ng2 Ke5 55. f4+ Ke4 56. f5 Rb2+ 57. Kg3 Rb3+ 58. Kh2 Ra3 59. Ne1 Kf4 60. Ng2+ Kf3 61. Ne1+ Kf2 62. Ng2 Ra2 63. Nh4 Rb2 64. f6 g6 65. g5 hxg5 66. Ng2 Kf3 67. h4 Rxg2+ 68. Kh1 Ra2 0-1

[Event "DSOL 2021"]
[Site "Germany"]
[Date "2021.02.23"]
[Round "4.1"]
[White "Schroeder, Christoph"]
[Black "Zwanzger, Johannes"]
[Result "0-1"]
[WhiteElo "2166"]
[BlackElo "2263"]
[Annotator "TA"]
[PlyCount "84"]
[EventDate "2021.01.18"]
[EventType "team-tourn"]
[EventCountry "GER"]
[SourceTitle "playchess.com"]
[Source "ChessBase"]
[SourceQuality "1"]

1. e4 c5 2. Nf3 e6 3. d4 cxd4 4. Nxd4 Nc6 5. Nc3 Qc7 6. g3 a6 7. Bg2 Nf6 8. O-O Bc5 9. Bf4 e5 10. Nb3 Bb4 11. Bg5 Bxc3 12. bxc3 d6 13. Bxf6 gxf6 14. f4 Be6 15. f5 Bc4 16. Rf2 O-O-O 17. Rd2 Qb6+ 18. Kh1 Qe3 19. Rxd6 Qxc3 20. Rxd8+ Rxd8 21. Qe1 Qxc2 22. Qb1 Bxb3 23. axb3 Rd2 24. Qxc2 Rxc2 25. Bf3 Nd4 26. Bh5 Nxb3 27. Ra3 Nc5 28. Re3 Rc4 29. Bxf7 Rxe4 30. Rc3 b6 31. Kg2 Re2+ 32. Kh3 Kd7 33. g4 Kd6 34. Bc4 Rd2 35. Re3 b5 36. Bg8 h6 37. Kg3 Rd3 38. Kf2 Rxe3 39. Kxe3 a5 40. h4 b4 41. Kd2 a4 42. Kc2 e4 0-1

[Event "DSOL 2021"]
[Site "Germany"]
[Date "2021.02.24"]
[Round "4.1"]
[White "Perestjuk, Marko"]
[Black "Bente, Bjoern"]
[Result "0-1"]
[WhiteElo "2160"]
[BlackElo "2226"]
[Annotator "TA"]
[PlyCount "74"]
[EventDate "2021.01.18"]
[EventType "team-tourn"]
[EventCountry "GER"]
[SourceTitle "playchess.com"]
[Source "ChessBase"]
[SourceQuality "1"]

1. e4 c6 2. d4 d5 3. exd5 cxd5 4. Bd3 Nc6 5. c3 Nf6 6. Bf4 Bg4 7. Qb3 Qd7 8. Nd2 e6 9. Ngf3 Bd6 10. Bxd6 Qxd6 11. O-O O-O 12. Rae1 Ne7 13. Ne5 Bf5 14. Be2 Qc7 15. f4 Ne4 16. Ndf3 f6 17. Nd3 Ng6 18. a4 Nxf4 19. Nxf4 Qxf4 20. a5 Qe3+ 21. Kh1 Nf2+ 22. Kg1 Nd3+ 23. Kh1 Nxe1 24. Rxe1 Be4 25. Ba6 Qf2 26. Rf1 Qe3 27. Bxb7 Rae8 28. Qb4 Bxf3 29. gxf3 Qe2 30. Kg1 f5 31. Rf2 Qe1+ 32. Rf1 Qe3+ 33. Rf2 Rf6 34. Ba6 Rg6+ 35. Kf1 Qc1+ 36. Ke2 e5 37. Bb5 exd4+ 0-1

[Event "DSOL 2021"]
[Site "Germany"]
[Date "2021.02.23"]
[Round "4.1"]
[White "Schmidt, Alexander"]
[Black "Seer, Maurice"]
[Result "1-0"]
[WhiteElo "2152"]
[BlackElo "1816"]
[Annotator "TA"]
[PlyCount "145"]
[EventDate "2021.01.18"]
[EventType "team-tourn"]
[EventCountry "GER"]
[SourceTitle "playchess.com"]
[Source "ChessBase"]
[SourceQuality "1"]

1. Nc3 Nf6 2. f4 d5 3. e3 c5 4. Nf3 e6 5. b3 Be7 6. Bb2 O-O 7. Be2 Nc6 8. O-O b6 9. Ne5 Bb7 10. Bf3 Nxe5 11. fxe5 Nd7 12. d4 f6 13. Bg4 f5 14. Bf3 a6 15. Ne2 Rf7 16. c4 Nf8 17. cxd5 Bxd5 18. Nf4 Bxf3 19. Qxf3 Bg5 20. Rad1 cxd4 21. Rxd4 Qe8 22. Ba3 Nd7 23. Qg3 Bh6 24. Rd6 Bxf4 25. exf4 b5 26. Qd3 Nf8 27. Rc1 Rd7 28. Rxd7 Qxd7 29. Qxd7 Nxd7 30. Rc6 Kf7 31. Rc7 Ke8 32. Kf2 a5 33. Bd6 a4 34. b4 Kd8 35. Rc6 Ra7 36. Ke3 Rb7 37. Kd4 Nb6 38. Bc5 Rd7+ 39. Bd6 Rb7 40. Bf8 Nd5 41. g3 Rf7 42. Bd6 g5 43. fxg5 f4 44. gxf4 Rxf4+ 45. Kc5 Rxb4 46. Ra6 Rb2 47. Ra8+ Kd7 48. Ra7+ Ke8 49. Rxh7 Rxa2 50. Kc6 Rg2 51. Rg7 a3 52. g6 Rc2+ 53. Bc5 Rxc5+ 54. Kxc5 Ne7 55. Rh7 Kd7 56. Rh3 Nxg6 57. Rxa3 Nxe5 58. Ra7+ Ke8 59. Kd6 Nf3 60. Kxe6 Kd8 61. Kd6 Kc8 62. h3 Kb8 63. Ra5 Nd4 64. Kd5 Ne2 65. Rxb5+ Kc7 66. Rb3 Nf4+ 67. Ke4 Ne6 68. Ke5 Ng5 69. h4 Nf7+ 70. Kf6 Nd6 71. h5 Kd7 72. Rd3 Kc7 73. Rxd6 1-0

[Event "DSOL 2021"]
[Site "Germany"]
[Date "2021.02.25"]
[Round "4.1"]
[White "Steffens, Olaf"]
[Black "Balov, Darko"]
[Result "1-0"]
[WhiteElo "2145"]
[BlackElo "2063"]
[Annotator "TA"]
[PlyCount "87"]
[EventDate "2021.01.18"]
[EventType "team-tourn"]
[EventCountry "GER"]
[SourceTitle "playchess.com"]
[Source "ChessBase"]
[SourceQuality "1"]

1. b4 a5 2. b5 c5 3. c4 b6 4. Bb2 e6 5. e3 Nf6 6. Nf3 Bb7 7. Be2 Be7 8. O-O O-O 9. d3 d5 10. Nbd2 Nbd7 11. Qc2 Qc7 12. Rac1 Rac8 13. Rfe1 Rfd8 14. cxd5 Nxd5 15. Nc4 Bf6 16. Bxf6 N7xf6 17. e4 Nf4 18. Bf1 Ng6 19. Qb2 Ne8 20. g3 Nd6 21. Ne3 Qb8 22. Nd2 Ba8 23. Ndc4 Nxc4 24. Nxc4 Rd4 25. Nxb6 Qxb6 26. Qxd4 cxd4 27. Rxc8+ Nf8 28. Rxa8 g6 29. Rb1 Kg7 30. Ra6 Qc7 31. b6 Qc2 32. Rb5 Nd7 33. b7 Qc7 34. Raxa5 h5 35. h4 Kh6 36. Ra8 Nb8 37. Rxb8 Qxb8 38. a4 f5 39. a5 f4 40. Kg2 f3+ 41. Kg1 g5 42. hxg5+ Kg6 43. a6 h4 44. a7 1-0